Sports Quiz

Random Sports or Popular Quiz

Popular Massachusetts High School Nicknames Quiz Stats

 Plays Quiz not verified by Sporcle

Challenge
Share
Tweet
Embed
Score 0/14 Timer 03:00
0 Plays Today
Number Name % Correct
19Eagles
68.8%
14Tigers
65.6%
13Wildcats
62.5%
18Warriors
59.4%
19Panthers
50%
9Falcons
43.8%
9Indians
43.8%
Number Name % Correct
13Bulldogs
40.6%
10Rams
34.4%
10Cougars
28.1%
9Vikings
28.1%
9Spartans
21.9%
9Crusaders
18.8%
9Mustangs
18.8%

You're not logged in!

Compare scores with friends on all Sporcle quizzes.
Join for Free
OR
Log In

You Might Also Like...

Show Comments

Extras

Top Quizzes Today


Score Distribution

Your Account Isn't Verified!

In order to create a playlist on Sporcle, you need to verify the email address you used during registration. Go to your Sporcle Settings to finish the process.

Report this User

Report this user for behavior that violates our Community Guidelines.

Details: